Elementa juris civilis, ad usum studios e juventutis adornata

محفوظ في:
التفاصيل البيبلوغرافية
المؤلف الرئيسي: Heineccius, Johann Gottlieb (مؤلف)
التنسيق: كتاب
اللغة:اللاتينية
منشور في: Barcelona Oliva 1836
الموضوعات:
الوسوم: إضافة وسم
لا توجد وسوم, كن أول من يضع وسما على هذه التسجيلة!

MARC

LEADER 00000nam a2200000 a 4500
001 UCL1064
003 CL-VaPUC
008 030829e18360000SP |||||||||||||||||lat|d
082 0 4 |a 346  |b HEI  |2 21 
100 |a Heineccius, Johann Gottlieb  |e author  |9 593956 
245 1 0 |a Elementa juris civilis, ad usum studios e juventutis adornata 
300 |a v 
942 |c BK 
945 |d 20030829 00:00:00  |a cmena 
260 |a Barcelona  |b Oliva  |c 1836 
650 0 |a Derecho civil  |9 255013 
650 0 |a Libertad  |9 255686 
650 0 |a Derecho sucesorio  |9 255015 
650 0 |a Testamento  |9 258220 
583 |a last modification  |c 20030829 00:00:00  |k Rodrigo Vera 
999 |c 304746  |d 304744 
952 |0 0  |1 0  |4 0  |6 346_000000000000000_HEI_1836  |7 0  |8 DER_HIS  |9 367457  |a BIBDER  |b BIBDER  |d 2019-11-21  |h v.1  |i 2040948  |o 346 HEI 1836  |p 2040948  |r 2023-01-25  |w 2019-11-21  |x Ubicación 4to Piso  |y BK_X  |z Estos recursos deben solicitarse con anticipación  |k DER 
952 |0 0  |1 0  |4 0  |6 346_000000000000000_HEI_1836  |7 0  |8 DER_HIS  |9 367458  |a BIBDER  |b BIBDER  |d 2019-11-21  |h v.2  |i 2040956  |o 346 HEI 1836  |p 2040956  |r 2023-01-25  |w 2019-11-21  |x Ubicación 4to Piso  |y BK_X  |z Estos recursos deben solicitarse con anticipación  |k DER